000 00645nam a2200277Ia 4500
005 20260324141327.0
008 008 260324s9999 xx 000 0 eng d
020 _a9780203431573
037 _aEBOOK
040 _aCRL
040 _beng
040 _cCRL
041 _2eng
041 _aeng
084 _qCRL
100 _aJonathan R. Barton
_91207780
245 2 _aA Political Geography of Latin America
260 _bTaylor and Francis
260 _c1997
365 _a
365 _b390
856 _uhttp://www.taylorfrancis.com/books/9780203431573
942 _cEBOOK
999 _c1810739
_d1810739